000 00631nam a2200241 i 4500
001 C2-0282145
003 PPAK
005 20180728012556.0
008 071001s1958 nyua|||| ||||| | eng d
020 _a043923641X
040 _aPPAK
_beng
_cPPAK
_erda
082 0 4 _a823
_223
090 0 0 _a823
_bBAU
_dLCK
100 1 _aBaum, L.Frank,
_eauthor
245 1 4 _aThe wizard of oz
264 1 _aNew York :
_bScholastic ,
_c1958
300 _a156 pages :
_billustrations ;
_c20 cm
336 _2rdacontent
_atext
337 _2rdamedia
_aunmediated
338 _2rdacarrier
_avolume
650 1 0 _aEnglish fiction.
942 _ddc
_cB
999 _c88430
_d88430